书目信息 |
| 题名: |
雕塑艺术 上
|
|
| 作者: | 邢春如 , 刘心莲 , 李穆南 主编 | |
| 分册: | ||
| 出版信息: | 沈阳 辽海出版社 2007.09 |
|
| 页数: | 90页 | |
| 开本: | 21cm | |
| 丛书名: | ||
| 单 册: | ||
| 中图分类: | J309.22 | |
| 科图分类: | ||
| 主题词: | 雕塑史--中国--古代--通俗读物 , 雕塑史 | |
| 电子资源: | ||
| ISBN: | 978-7-80711-991-3 | |
| 000 | 01001nam0 2200289 450 | |
| 001 | 003696776 | |
| 005 | 20110522203102.32 | |
| 010 | @a978-7-80711-991-3@dCNY 18.50 | |
| 100 | @a20080102d2007 em y0chiy50 ea | |
| 101 | 0 | @achi |
| 102 | @aCN@b210000 | |
| 105 | @aa z 000yy | |
| 200 | 1 | @a雕塑艺术 上@Adiao su yi shu shang@b专著@f邢春如,刘心莲,李穆南主编@9diao su yi shu |
| 210 | @a沈阳@c辽海出版社@d2007.09 | |
| 215 | @a90页@c图@d21cm | |
| 300 | @a中国文化知识大观园 文学艺术卷 | |
| 330 | @a本套书叙述了中国从史前到现在的国土开辟、民族形成、社会进化、经济文化发展、政治演变的不平凡历程。本书为文学艺术卷之一,内容从先秦一直到明清的雕塑都进行了介绍。 | |
| 606 | 0 | @a雕塑史@y中国@z古代@j通俗读物 |
| 606 | 0 | @a雕塑史 |
| 690 | @aJ309.22@v5 | |
| 701 | 0 | @a邢春如@4主编@9xing chun ru |
| 701 | 0 | @a刘心莲@c(文学博士)@4主编@9liu xin lian |
| 701 | 0 | @a李穆南@4主编@9li mu nan |
| 801 | 0 | @c20110522 |
| 905 | @aBZT@dJ309.22@e2-1 | |
| 906 | @dCNY666.00(全36册@n0@r1 | |
| SYS | @003696776 | |
| 雕塑艺术 上/邢春如,刘心莲,李穆南主编.-沈阳:辽海出版社,2007.09 |
| 90页:图;21cm |
| 中国文化知识大观园 文学艺术卷 |
| ISBN 978-7-80711-991-3:CNY 18.50 |
| 本套书叙述了中国从史前到现在的国土开辟、民族形成、社会进化、经济文化发展、政治演变的不平凡历程。本书为文学艺术卷之一,内容从先秦一直到明清的雕塑都进行了介绍。 |
| ● |
| 相关链接 |
|
|
|
正题名:雕塑艺术 上
索取号:J309.22/2-1
 
预约/预借
| 序号 | 登录号 | 条形码 | 馆藏地/架位号 | 状态 | 备注 |
| 1 | 779725 | 2000779725 | 中心书库中库/ 中库018架B面7列1层37/ [索取号:J309.22/2-1] | 在馆 | |
| 2 | 779726 | 2000779726 | 中心书库中库/ 中库018架B面7列1层36/ [索取号:J309.22/2-1] | 在馆 | |
| 3 | 779727 | 2000779727 | 中心书库中库/ 中库018架B面7列1层35/ [索取号:J309.22/2-1] | 在馆 | |
| 4 | 779728 | 2000779728 | 中心书库中库/ 中库018架B面7列1层34/ [索取号:J309.22/2-1] | 在馆 | |
| 5 | 779729 | 2000779729 | 中心书库中库/ 中库018架B面7列1层33/ [索取号:J309.22/2-1] | 在馆 | |
| 6 | 779730 | 2000779730 | 中心书库中库/ 中库018架B面7列1层32/ [索取号:J309.22/2-1] | 在馆 |